| 000 | 00709nam a2200229 a 4500 | ||
|---|---|---|---|
| 008 | |||
| 020 | _a0750610158 (hbk.) | ||
| 049 | _aMAIN | ||
| 090 | 0 | _aREF TS184 | |
| 245 | 0 | 0 |
_aPlant engineers' reference book / _cedited by Dennis A. Snow. |
| 260 |
_aLondon : _bButterworth-Heinemann, _c1991. |
||
| 300 |
_a1 v. (various pagings) : _bill. ; _c26 cm. |
||
| 500 | _aIncludes index. | ||
| 504 | _aIncludes bibliographical references. | ||
| 650 | 0 |
_aPlant engineering _xHandbooks, manuals, etc. |
|
| 700 | 1 | _aSnow, Dennis A. | |
| 907 |
_a.b1011757x _b25-01-07 _c07-04-04 |
||
| 003 | |||
| 005 | 20230120191410.0 | ||
| 040 | _cNUST | ||
| 942 |
_cBOOKS _kREF TS184 |
||
| 999 |
_c100433 _d100433 |
||